000 01038cam a2200289 i 4500
003 OSt
005 20260401124256.0
008 260331s2024 jo g 000 0 ara c
020 _a9789923444481
024 0 _a30018000233703
040 _aSA-JeALM
_bara
_cSA-RiAUC
_erda
050 4 _bY34 2024
082 0 4 _a240
090 _a240.6
_bس ب ح
100 1 _aالسبحاني، جعفر
_eمؤلف.
245 1 2 _aالتبرك على ضوء الكتاب والسنة /
_cتأليف الفقيه الشيخ جعفر السبحاني
250 _aالطبعة الاولى.
264 1 _aقم. ايران :
_bمؤسسة الامام الصادق،
_c2010
300 _a42 صفحة ؛
_c22 سم.
336 _aنص
_btxt
_2rdacontent
_3كتاب
337 _aبدون وسيط
_bn
_2rdamedia
650 7 _aالبركات
_eشيعة
_2aucsh
650 7 _aالشفاعة
_eشيعة
_2aucsh
650 7 _aالإسلام
_xعادات وممارسات
_2aucsh
942 _2ddc
_cBOOK
_n0
949 _aSA-JeALM
_d260331
_uosman123
_n1
999 _c14712
_d14712